Europeanisation of the Slovak Public Law

Saved in:
Bibliographic Details
Main Author: Mráz, Stanislav
Format: Book Chapter
Language:English
Subjects:
Tags: Add Tag
No Tags, Be the first to tag this record!

MARC

LEADER 00000naa$a2200000$$$4500
001 0204230
005 20240502083512.7
041 0 |a eng 
044 |a PL 
245 1 0 |a Europeanisation of the Slovak Public Law  |c Stanislav Mráz 
610 2 0 |a právo verejné 
610 2 0 |a právo verejné medzinárodné 
610 2 0 |a objekty práva medzinárodného 
610 2 0 |a vzťahy medzinárodné 
610 2 0 |a Slovensko 
610 2 0 |a Európska únia 
100 1 |a Mráz, Stanislav